Sports Quiz

Random Sports or World Quiz

World Series by Final Play since 1989 Quiz Stats

Quiz not verified by Sporcle

Also try: Most WWE Belts
Challenge
Share
Tweet
Embed
Score 0/26 Timer 05:00
0 Plays Today
% Correct
2001
92.3%
2003
91.5%
2000
87.7%
2004
86.9%
2005
86.9%
1997
85.4%
2009
85.4%
1992
83.8%
1993
82.3%
1989
81.5%
2002
80.8%
1991
78.5%
1995
78.5%
% Correct
2014
75.9%
2011
75.4%
1996
72.3%
1990
71.5%
2012
71.5%
2013
71.5%
2006
70.8%
2007
70%
1998
67.7%
2008
63.1%
1999
62.3%
2010
60.8%
2015
58.8%

You're not logged in!

Compare scores with friends on all Sporcle quizzes.
Sign Up with Email
OR
Log In

You Might Also Like...

Show Comments

Extras

Top Quizzes Today


Score Distribution

Your Account Isn't Verified!

In order to create a playlist on Sporcle, you need to verify the email address you used during registration. Go to your Sporcle Settings to finish the process.

Report this User

Report this user for behavior that violates our Community Guidelines.

Details: